Регионална библиотека "Любен Каравелов" - Русе

Разкажи ми в рими (Запис номер 177906)

MARC детайли
000 -Лидер
Лидер 01099nam a2200289 a 4500
003 - Код на организацията, давaща контролен номер
Код на организацията, даваща контролен номер BLK
005 - Дата и час на последна редакция
Дата и час на последна редакция 20250802104659.0
008 - Елементи от данни с фиксирана дължина
Елементи с фиксирана дължина 180411b bul|||||r ||||||| ||bul||
020 ## - Международен стандартен номер на книга ISBN
ISBN 978-954-18-0033-4
020 ## - Международен стандартен номер на книга ISBN
ISBN 9789541809334
040 ## - Източник на каталожния запис
Код на библиотеката BLK
041 ## - Код за език
Език Български
Език за КДБФ Български
080 ## - УДК
УДК текст Българска литература
УДК код 821.163.2
УДК – определител -93-34
УДК – код + определител 821.163.2-93-34
084 ## - Класификационен индекс по друга класификация
Авторски знак Дъ - Д 95
100 1# - Редна дума - Автор
Автор Дългъчева, Мая Георгиева
R(LIN) 289222
245 10 - Сведения за заглавието
Заглавие Разкажи ми в рими
Подзаглавни данни Римувани приказки
Авторска отговорност Мая Дългъчева ; ил. Тоня Горанова.
257 ## - Страна на издаване
Страна на създаване/издаване България
260 ## - Област на издателските данни
Място на издаване София
Име на издателя Булвест 2000
Година на издаване 2015
Печатница София : Булвест принт
300 ## - Физическа характеристика
Брой страници 60 с.
Илюстрации с цв. ил.
Размер 26 см
380 ## - Жанр
Жанр Детска худож. лит.
700 1# - Други автори (авторска отговорност)
Друг автор Горанова, Тоня Рускова
Авт. отговорност на др. автор ил.
9 (RLIN) 378120
852 ## - Местоположение
Сигнатура (форматна) Цб ІІ 21198
Отдел Хранилище
852 ## - Местоположение
Отдел Детски отдел
Систематично-азбучна сигнатура 821.163.2-93/Д 95 К
942 ## - АРТИКУЛИ
Вид на библиотечния документ Книги
Скрит в OPAC Не
Koha issues (borrowed), all copies 70
Периодичен библиозапис Да
944 ## - СЪЗДАВАНЕ И РЕДАКЦИЯ на ЗАПИСА
Създаване/Редакция Създаване
Дата на регистрацията/редакция 19.02.2016
Номер на служител Ива Цветкова
Служител, извършил регистрацията/редакцията 30543
999 ## - СИСТЕМНИ КОНТРОЛНИ НОМЕРА
Koha biblionumber 177906
Koha biblioitemnumber 177906
Наличности
Код за отписване Код за изгубен артикул Код за повреда Коз за рестрикции Код за отдаване Артикулен № Име на библиотеката - собственик Име на библиотеката, в която се намира в момента Статус (Текущо местоположение) Дата на вписване в системата Местоположение - отдел Цена в лева Инвентарен номер Систематично азбучна сигнатура Баркод Номер на екземпляра Цена в евро Служебна бележка Служебен тип на артикула Източник на класификационната схема
  Не е изгубен Не е повреден без рестрикции заемане за дома 305648 Регионална библиотека "Любен Каравелов" Русе Регионална библиотека "Любен Каравелов" Русе Детски отдел 2016-02-19 Детски отдел 8.00 120000798118 ДХ 886.7/Д 95 120000798118 1 4.09 Дост: Pk Вид: Ф N: 456 Дата: 19.02.2016 Книги  
  Не е изгубен Не е повреден без рестрикции ползва се в читалня 305649 Регионална библиотека "Любен Каравелов" Русе Регионална библиотека "Любен Каравелов" Русе Хранилище 2016-08-10 Хранилище 8.00 120000802621 Цб ІІ 21198 120000802621 2 4.09 Дост: Dp Вид: Д N: 25 Дата: 19.05.2016 Книги  
  Не е изгубен Не е повреден без рестрикции заемане за дома 844247 Регионална библиотека "Любен Каравелов" Русе Регионална библиотека "Любен Каравелов" Русе Детски отдел 2021-07-22 Детски отдел 12.30   821.163.2-93/Д 95 М 120000859222   6.29   Книги Universal Decimal Classification
  Не е изгубен Не е повреден без рестрикции заемане за дома 844248 Регионална библиотека "Любен Каравелов" Русе Регионална библиотека "Любен Каравелов" Русе Детски отдел 2021-07-22 Детски отдел 12.30   821.163.2-93/Д 95 М 120000859224   6.29   Книги Universal Decimal Classification
  Не е изгубен Не е повреден без рестрикции заемане за дома 844249 Регионална библиотека "Любен Каравелов" Русе Регионална библиотека "Любен Каравелов" Русе Детски отдел 2021-07-22 Детски отдел 12.30   821.163.2-93/Д 95 М 120000859221   6.29   Книги Universal Decimal Classification
  Не е изгубен Не е повреден без рестрикции заемане за дома 844250 Регионална библиотека "Любен Каравелов" Русе Регионална библиотека "Любен Каравелов" Русе Детски отдел 2021-07-22 Детски отдел 12.30   821.163.2-93/Д 95 М 120000859223   6.29   Книги Universal Decimal Classification
  Не е изгубен Не е повреден без рестрикции заемане за дома 844251 Регионална библиотека "Любен Каравелов" Русе Регионална библиотека "Любен Каравелов" Русе Детски отдел 2021-07-22 Детски отдел 12.30   821.163.2-93/Д 95 М 120000859225   6.29   Книги Universal Decimal Classification
  Не е изгубен Не е повреден   заемане за дома 957751 Регионална библиотека "Любен Каравелов" Русе Регионална библиотека "Любен Каравелов" Русе Детски отдел 2025-01-08 Детски отдел 15.00 120000916518 821.163.2-93/Д 95 М 120000916518   7.67   Книги Universal Decimal Classification
Vip Innovations Ltd, Rousse, Bulgaria 2025